| 000 | 00372nam a22001457a 4500 | ||
|---|---|---|---|
| 003 | MACL | ||
| 005 | 20170608124328.0 | ||
| 008 | 170608b xxu||||| |||| 00| 0 eng d | ||
| 040 | _c MACL | ||
| 100 |
_aSharma Viresh _967371 |
||
| 245 | _aMan of Words Swani Ramatirtha | ||
| 260 |
_aDelhi _bDiscovery Book Centre _c2016 |
||
| 650 |
_aChildren _967372 |
||
| 942 |
_2ddc _cBK |
||
| 999 |
_c56475 _d56475 |
||